000 00632nam a22002537a 4500
001 57599
003 UA-OsUOA
005 20211125112138.0
007 ta
008 20081225b un ||||| |||| 00| 0 ukr d
020 _a5710775339
040 _aUA-OsUOA
_brus
_cUA-OsUOA
_dUA-OsUOA
041 _arus
080 _a821.161.1
090 _a821.161.1
_bК92
100 _aКуприн А. И.
245 _aПовести. Рассказы
260 _aМ.
_bДрофа
_c2003
300 _a400 с.
505 _gТ. 2
_tЮнкера
650 7 _a821 Художня література
_2UDC
942 _cBK
_2udc
955 _a3
999 _c343684
_d343684